<?xml version="1.0" encoding="UTF-8"?>
<collection xmlns="http://www.loc.gov/MARC21/slim">
    <record>
        <controlfield tag="001">69092</controlfield>
        <controlfield tag="005">20180223110450.0</controlfield>
        <datafield tag="037" ind1=" " ind2=" ">
            <subfield code="a">GDOC-2016-66350</subfield>
        </datafield>
        <datafield tag="041" ind1=" " ind2=" ">
            <subfield code="a">spa</subfield>
        </datafield>
        <datafield tag="100" ind1=" " ind2=" ">
            <subfield code="1"></subfield>
            <subfield code="a"></subfield>
        </datafield>
        <datafield tag="245" ind1="0" ind2="0">
            <subfield code="9">66350</subfield>
            <subfield code="a">Trabajo fin de máster (Sistemas eléctricos)</subfield>
        </datafield>
        <datafield tag="260" ind1=" " ind2=" ">
            <subfield code="a">Zaragoza</subfield>
            <subfield code="b">Universidad de Zaragoza</subfield>
            <subfield code="c">2016-2017</subfield>
        </datafield>
        <datafield tag="520" ind1=" " ind2=" ">
            <subfield code="a">El trabajo fin de máster es una asignatura especial de la titulación, donde el alumno realiza un trabajo en el contexto de la titulación de forma autónoma. Por lo general, esta asignatura resulta muy satisfactoria y completa de forma práctica lo visto en la titulación.
Si el alumno desea cursar el máster en tiempo mínimo, es crucial no despistarse y empezar a concretar el tema e índice del TFM para abril-mayo. Las prácticas externas constituyen una posibilidad excelente para iniciar el TFM.</subfield>
            <subfield code="b"> </subfield>
        </datafield>
        <datafield tag="521" ind1=" " ind2=" ">
            <subfield code="9">652</subfield>
            <subfield code="a">Energías Renovables y Eficiencia Energética</subfield>
        </datafield>
        <datafield tag="540" ind1=" " ind2=" ">
            <subfield code="a">by-nc-sa</subfield>
            <subfield code="b">Creative Commons</subfield>
            <subfield code="c">3.0</subfield>
            <subfield code="u">http://creativecommons.org/licenses/by-nc-sa/3.0/</subfield>
        </datafield>
        <datafield tag="830" ind1=" " ind2=" ">
            <subfield code="9">535</subfield>
        </datafield>
        <datafield tag="856" ind1="4" ind2=" ">
            <subfield code="s">12480</subfield>
            <subfield code="u">http://zaguan.unizar.es/record/69092/files/guia-66350-es.pdf</subfield>
            <subfield code="y">Guía (idioma español)</subfield>
        </datafield>
        <datafield tag="856" ind1="4" ind2=" ">
            <subfield code="s">6910</subfield>
            <subfield code="u">http://zaguan.unizar.es/record/69092/files/guia-66350-en.pdf</subfield>
            <subfield code="y">Guide (english)</subfield>
        </datafield>
        <datafield tag="970" ind1=" " ind2=" ">
            <subfield code="a">GDOC-2016-66350</subfield>
        </datafield>
        <datafield tag="980" ind1=" " ind2=" ">
            <subfield code="a">GDOC</subfield>
            <subfield code="b">Ingeniería y arquitectura</subfield>
            <subfield code="c">110</subfield>
        </datafield>
    </record>

    
</collection>